Library Banner

Freedom struggle (Record no. 82263)

MARC details
000 -LEADER
fixed length control field 00397nam a22001457a 4500
005 - DATE AND TIME OF LATEST TRANSACTION
control field 20160126103450.0
008 - FIXED-LENGTH DATA ELEMENTS--GENERAL INFORMATION
fixed length control field 160126b xxu||||| |||| 00| 0 eng d
040 ## - CATALOGING SOURCE
Transcribing agency PK-LaUMT
082 ## - DEWEY DECIMAL CLASSIFICATION NUMBER
Classification number KHC 954.035
Item number BIP-F
100 ## - MAIN ENTRY--PERSONAL NAME
Personal name Bipan chandra
245 ## - TITLE STATEMENT
Title Freedom struggle
Statement of responsibility, etc Bipan chandra, Amales tripathi, Barun de
260 ## - PUBLICATION, DISTRIBUTION, ETC. (IMPRINT)
Place of publication, distribution, etc New Delhi
Name of publisher, distributor, etc National book trust
Date of publication, distribution, etc 1972
300 ## - PHYSICAL DESCRIPTION
Extent 228 p.
942 ## - ADDED ENTRY ELEMENTS (KOHA)
Koha item type Books
Holdings
Withdrawn status Lost status Damaged status Home library Current library Date acquired Full call number Barcode Date last seen Price effective from Koha item type
      UMT Main Campus UMT Main Campus 2016-01-26 KHC 954.035 BIP-F 73854 2016-01-26 2016-01-26 Books